Communication Mosaics : An Introduction to the Field of Communication (Record no. 10852)

MARC details
000 -LEADER
fixed length control field 00421nam a2200145Ia 4500
008 - FIXED-LENGTH DATA ELEMENTS--GENERAL INFORMATION
fixed length control field 191201s2011 xx 000 0 und d
082 ## - DEWEY DECIMAL CLASSIFICATION NUMBER
Classification number 425
Item number WOC
100 ## - MAIN ENTRY--PERSONAL NAME
Personal name WOOD, Julia T.
245 #0 - TITLE STATEMENT
Title Communication Mosaics : An Introduction to the Field of Communication
250 ## - EDITION STATEMENT
Edition statement 7th
260 ## - PUBLICATION, DISTRIBUTION, ETC. (IMPRINT)
Place of publication, distribution, etc New delhi
Name of publisher, distributor, etc Wadsworth Cengage Learning
Date of publication, distribution, etc 2014
300 ## - PHYSICAL DESCRIPTION
Extent 374
650 ## - SUBJECT ADDED ENTRY--TOPICAL TERM
Topical term or geographic name as entry element Bachelor of Mass Communication
942 ## - ADDED ENTRY ELEMENTS (KOHA)
Source of classification or shelving scheme Dewey Decimal Classification
Koha item type Text Books
Holdings
Withdrawn status Lost status Source of classification or shelving scheme Damaged status Not for loan Collection code Home library Current library Date acquired Source of acquisition Currency Cost, normal purchase price Bill Number Total Checkouts Full call number Acc. no. / Barcode Date last seen Actual Cost, discounted price Bill Date Koha item type
    Dewey Decimal Classification     Bachelor Of Mass Communication PIET NCR College Library PIET NCR College Library 11/08/2021 Kirti Prakashan IN Rupees 4698.00 IN2357   425 WOC N1898 17/08/2021 3288.60 11/08/2021 Reference Books

Design & Developed by: PIET Central Library
R70 Miles Stone Pattikalyana Samalkha Panipat 132102
mail ID :- [email protected], Phone No:- 0180-2569700 Ex.216